000 00719nam a2200217Ia 4500
003 GCL
008 140319s9999 xx 000 0 ara d
040 _aGCL /
_cGCL
082 0 4 _a338.9
_bج ق
100 1 _aجماعة خريجى المعهد القومى
245 1 0 _aقدراتنا الذاتية امام التحديات فى مرحلة العمل القادمة /
_cجماعة خريجى المعهد القومى
260 _a[S.N] :
_bروز اليوسف
300 _a347 ص
490 _a
650 0 4 _aمصر
650 0 4 _aالاقتصاد
650 0 4 _aالتنمية الاقتصادية
650 0 4 _aبحوث العمليات
650 0 4 _aالادارة بالاهداف
942 _2ddc
_cBK
999 _c35859
_d35859